<?xml version="1.0" encoding="UTF-8"?>
<record
    xmlns:xsi="http://www.w3.org/2001/XMLSchema-instance"
    xsi:schemaLocation="http://www.loc.gov/MARC21/slim http://www.loc.gov/standards/marcxml/schema/MARC21slim.xsd"
    xmlns="http://www.loc.gov/MARC21/slim">

  <leader>00880na  a2200253   4500</leader>
  <controlfield tag="001">20062</controlfield>
  <controlfield tag="003">MIRAKIL</controlfield>
  <controlfield tag="005">20181213155239.0</controlfield>
  <controlfield tag="008">170103b        tu            000 0      </controlfield>
  <datafield tag="035" ind1=" " ind2=" ">
    <subfield code="a">20062</subfield>
  </datafield>
  <datafield tag="040" ind1=" " ind2=" ">
    <subfield code="a">Milas</subfield>
    <subfield code="b">tur</subfield>
    <subfield code="c">TR-AnCHP</subfield>
  </datafield>
  <datafield tag="041" ind1=" " ind2=" ">
    <subfield code="a">tur</subfield>
  </datafield>
  <datafield tag="082" ind1=" " ind2=" ">
    <subfield code="a">338.905641</subfield>
    <subfield code="b">B74 2003</subfield>
  </datafield>
  <datafield tag="090" ind1=" " ind2=" ">
    <subfield code="a">338.905641 B74 2003</subfield>
  </datafield>
  <datafield tag="245" ind1=" " ind2=" ">
    <subfield code="a">B&#xF6;lgesel geli&#x15F;im raporu I</subfield>
    <subfield code="b">Bat&#x131; Akdeniz B&#xF6;lgesi (Antalya-Burdur-Isparta)</subfield>
    <subfield code="b">(Tar&#x131;m-hayvanc&#x131;l&#x131;k-hizmet sekt&#xF6;r&#xFC;)</subfield>
    <subfield code="c">TOBB, BAGEV</subfield>
  </datafield>
  <datafield tag="260" ind1=" " ind2=" ">
    <subfield code="a">Ankara</subfield>
    <subfield code="b">TOBB</subfield>
    <subfield code="c">2003</subfield>
  </datafield>
  <datafield tag="300" ind1=" " ind2=" ">
    <subfield code="a">356 s.</subfield>
    <subfield code="b">tbl.; grf.</subfield>
    <subfield code="c">27 sm.</subfield>
  </datafield>
  <datafield tag="490" ind1=" " ind2=" ">
    <subfield code="a">TOBB Ara&#x15F;t&#x131;rma Yay&#x131;nlar&#x131; </subfield>
    <subfield code="v">1</subfield>
  </datafield>
  <datafield tag="650" ind1=" " ind2=" ">
    <subfield code="a">Ekonomik kalk&#x131;nma ve b&#xFC;y&#xFC;me</subfield>
    <subfield code="x">B&#xF6;lgesel geli&#x15F;me</subfield>
    <subfield code="y">Raporlar</subfield>
  </datafield>
  <datafield tag="651" ind1=" " ind2=" ">
    <subfield code="a">Bat&#x131; Akdeniz B&#xF6;lgesi</subfield>
    <subfield code="x">Ekonomik durum</subfield>
    <subfield code="y">Raporlar</subfield>
  </datafield>
  <datafield tag="710" ind1=" " ind2=" ">
    <subfield code="a">T&#xFC;rkiye Odalar ve Borsalar Birli&#x11F;i</subfield>
  </datafield>
  <datafield tag="710" ind1=" " ind2=" ">
    <subfield code="a">Bat&#x131; Akdeniz Ekonomisini Geli&#x15F;tirme Vakf&#x131;</subfield>
  </datafield>
  <datafield tag="942" ind1=" " ind2=" ">
    <subfield code="2">ddc</subfield>
    <subfield code="c">BKS</subfield>
  </datafield>
  <datafield tag="952" ind1=" " ind2=" ">
    <subfield code="a">0001</subfield>
    <subfield code="b">0001</subfield>
    <subfield code="d">2017-01-03</subfield>
    <subfield code="e">2</subfield>
    <subfield code="l">0</subfield>
    <subfield code="o">338.905641 B74 2003</subfield>
    <subfield code="p">010428</subfield>
    <subfield code="r">2017-01-03 00:00:00</subfield>
    <subfield code="v">0.00</subfield>
    <subfield code="w">2017-01-03</subfield>
    <subfield code="y">BKS</subfield>
  </datafield>
  <datafield tag="999" ind1=" " ind2=" ">
    <subfield code="c">9215</subfield>
    <subfield code="d">9215</subfield>
  </datafield>
</record>
